000 00351 a2200157 4500
001 62827
020 _a79788547200800
040 _cAnchieta - Pituba
100 _aPaula, Marcelo Moraes
240 1 0 _aJornadas.geo 8° ano
_lpor
245 1 0 _aJornadas.geo 8° ano
300 _a336
362 0 _a2016
650 4 _aGeografia e viagens
942 _cBK
999 _c62827
_d62827